Trivia: Science Edition - Statistics

General Stats
  • This quiz has been taken 35 times
  • The average score is 5 of 15
Answer Stats
Clue Answer % Correct
What is the hardest object on said scale? Diamond
80%
What does the E stand for in Albert Einstein's famous theory of relativity? (Kinetic) Energy
77%
Finish this sentence: Every force has an ____ ___ ____ reaction equal and opposite
60%
Who invented the periodic table of elements? Dmitri Mendeleev
57%
Who devised the heliocentric (Sun centred) model of our solar system? Nicolaus Copernicus
57%
Brass is a combination of copper and what other metal? Zinc
50%
What is the first column of the periodic table known as? Alkali Metals/Group 1
40%
Fill in the gap: ____'s hardness scale Mohs
30%
What was Charles Darwin's famous book wherein he wrote about his theory of evolution, amongst other things? The Origin of Species
27%
What does Wi-Fi stand for? Wireless Fidelity
27%
What is the process called that turns nitrogen into ammonia? Haber-Bosch proccess
13%
What is the formula that gives momentum? P = MV
13%
Who invented the telescope? (Hint, it was not Galileo.) Hans Lippershey
7%
Balance this equation: N2+H2 ⇌ NH3 N2+3H2 ⇌ 2NH3
3%
Who discovered the electron? oseph (J. J.) Thomson
3%
No matching quizzes found
Score Distribution
Percent of People with Each Score
Percentile by Number Answered
Your Score History
You have not taken this quiz